Autobiografía /
Guardado en:
| Autor Principal: | |
|---|---|
| Formato: | Libro |
| Publicado: |
Argentina :
Kapelusz,
1952
|
| Materias: | |
| Etiquetas: |
Agregar Etiqueta
Sin Etiquetas, Sea el primero en etiquetar este registro!
|
| LEADER | 00430nam a22001575a 4500 | ||
|---|---|---|---|
| 001 | CEM.cems003064 | ||
| 005 | 19000101000000.0 | ||
| 008 | 130507s1952##################000#0#####d | ||
| 003 | CEMS | ||
| 082 | 0 | 4 | |a 928 |
| 100 | 1 | |a Guido Spano, Carlos | |
| 245 | 1 | 0 | |a Autobiografía / |c Carlos Guido Spano |
| 260 | |a Argentina : |b Kapelusz, |c 1952 | ||
| 300 | |a 111 p. | ||
| 653 | |a Biografias | ||
| 859 | |a CEMS |b BIB. CEMS - 11 de abril |h 928 |i G942-1 |p 9378.81 |t Ej.1 | ||
